000
00300nam a2200133Ia 4500
008
231129s1947||||xx |||||||||||||| ||spa||
040
_b
spa
082
_a
185 A716o
100
_a
Aristoteles
245
0
_a
Obras completas de Aristoteles
260
_c
1947
264
_a
Anaconda
942
_2
ddc
_c
BKS
999
_c
22001
_d
22001